Sedi del Campionato mondiale di Formula 1 2022 - Statistics

Statistiche generali
  • Questo quiz è stato fatto 3 volte
  • Il punteggio medio è 7 su 22
Statistiche sulle risposte
Data Sede % Corretto
24 aprile Imola
100%
11 settembre Monza
100%
8 maggio Miami Gardens
67%
29 maggio Monaco
67%
19 giugno Montréal
67%
3 luglio Silverstone
67%
4 settembre Zandvoort
67%
20 novembre Abu Dhabi
33%
23 ottobre Austin
33%
10 aprile Melbourne
33%
2 ottobre Singapore
33%
10 luglio Spielberg
33%
12 giugno Baku
0%
30 ottobre Città del Messico
0%
27 marzo Gedda
0%
24 luglio Le Castellet
0%
20 marzo Manama
0%
31 luglio Mogyoród
0%
22 maggio Montmeló
0%
13 novembre San Paolo
0%
28 agosto Stavelot
0%
9 ottobre Suzuka
0%
Nessun quiz corrispondente trovato
Distribuzione punteggi
Percentuale di utenti per punteggio
Percentile per numero di risposta
I tuoi punteggi nel tempo
Non hai fatto questo quiz